[Event "Leiden Chess Tournament"]
[Site "Leiden"]
[Date "2017.07.14"]
[Round "1"]
[White "Shyam, Sundar"]
[Black "Oosterom, Erik"]
[Result "1/2-1/2"]
[WhiteElo "2534"]
[BlackElo "2099"]
[Annotator "TA"]
[PlyCount "97"]
[EventDate "2017.??.??"]
[EventCountry "NED"]
[SourceTitle "playchess.com"]
[Source "ChessBase"]
[SourceQuality "1"]

{[%evp 9,97,0,33,7,39,0,0,0,6,-13,26,27,27,26,41,22,25,0,0,-15,0,0,8,-31,0,0,106,106,106,106,106,105,141,7,13,16,5,0,39,40,38,39,61,58,64,60,89,75,136,101,114,69,99,100,114,54,65,4,207,90,90,85,103,99,112,85,85,64,64,57,64,64,64,64,110,117,117,117,124,124,124,124,117,64,110,98,104,0,118,0]} 1. e4 c6 2. d4 d5 3. exd5 cxd5 4. Bf4 Nc6 5. c3 Nf6 6. Nd2 {B13: Caro-Kann: Exchange Variation and Panov-Botvinnik Attack} a6 7. h3 (7. Bd3 Bg4 8. Qb3 Ra7 9. Ngf3 e6 10. O-O Be7 11. Ne5 Nxe5 12. dxe5 Nd7 13. Be3 Ra8 {½-½ (67) Morozevich,A (2676)-Fedoseev,V (2667) Moscow 2016}) 7... Bf5 8. Ngf3 {The position is equal.} e6 9. Nh4 $146 ({Predecessor:} 9. Be2 Bd6 10. Bxd6 Qxd6 11. O-O O-O 12. Re1 h6 13. Nb3 Nd7 14. Bd3 Bxd3 15. Qxd3 {½-½ (40) Maevsky,N (2323)-Holzke,F (2499) Legnica 2013}) 9... Bg6 (9... Be4 $5) 10. Nxg6 hxg6 11. Bd3 Bd6 12. Bxd6 Qxd6 13. O-O g5 {White should prevent ...g4!} 14. Be2 Ne7 {[%cal Bc6e7,Be7g6,Bg6f4][%mdl 32]} 15. Re1 Ng6 16. Nf1 Nf4 17. Bf3 Rxh3 (17... O-O-O $11 {remains equal.}) 18. gxh3 $16 Nxh3+ 19. Kg2 Nf4+ 20. Kh1 O-O-O 21. Ng3 (21. Bg2 $1 $16) 21... Rh8+ $11 22. Kg1 {[%cal Bh1g1,Bg1g2,Bg2f3][%mdl 32]} Nh3+ $1 23. Kg2 {And now Rh1 would win.} Qf4 {aiming for ...Nxf2!} (23... g4 $5) 24. Rh1 g4 {Strongly threatening ...Ne4.} 25. Qe2 $1 {Black must now prevent Bxg4!} gxf3+ 26. Qxf3 g5 27. Qxf4 Nxf4+ 28. Kf3 Rg8 (28... Nh3 $142) 29. Rag1 Kd7 30. Rh6 Ng6 31. Nh5 Ne4 32. Ke2 (32. Ke3 $16 Ke7 33. Rh7) 32... Ke7 $1 $14 33. f3 ({White should try} 33. Rh7 $14) 33... Nf6 $2 (33... Nd6 $11) 34. Nxf6 (34. Ke3 $18 {is more deadly.}) 34... Kxf6 $18 {[%mdl 4096] Endgame KRR-KRN} 35. Ke3 Kf5 36. Rh7 {[%cal Rh7f7]} (36. Rh5 {is more complex.} Nf4 37. Rh7 Kg6 38. Rh2 Kf6 39. a4) 36... Kf6 37. a4 b5 38. axb5 axb5 39. Rh5 b4 40. Rhxg5 bxc3 41. bxc3 Ra8 42. Rh5 Ra2 43. Rhh1 Rc2 {[#]} 44. Rc1 $1 {[%cal Rc1c2]} Rg2 45. Ra1 Rc2 {[#]} 46. Ra3 ({White should play} 46. Rhc1 $1 $16 {[%cal Rc1c2]} Rg2 47. Rg1) 46... Ne7 47. Kd3 Rf2 48. Ke3 Rc2 $1 49. Kd3 {Precision: White = 39%, Black = 50%.} (49. Rf1 $16) 1/2-1/2

[Event "Leiden Chess Tournament"]
[Site "Leiden"]
[Date "2017.07.14"]
[Round "1"]
[White "Pruijssers, Roeland"]
[Black "Haussernot, Cecile"]
[Result "1-0"]
[WhiteElo "2508"]
[BlackElo "2092"]
[Annotator "TA"]
[PlyCount "93"]
[EventDate "2017.??.??"]
[EventCountry "NED"]
[SourceTitle "playchess.com"]
[Source "ChessBase"]
[SourceQuality "1"]

{[%evp 20,93,91,87,240,208,216,207,231,220,218,216,211,215,218,226,228,227,230,220,228,219,209,206,209,97,101,109,105,89,74,56,53,49,53,32,30,0,0,0,0,0,0,0,8,8,39,30,195,189,729,725,710,656,29974,29975,29976,29969,29976,29977,29977,29978,29978,29978,29978,29979,29979,29980,29979,29980,29989,29990,29990,29991,29991,29992]} 1. e4 c5 2. Nf3 d6 3. d4 cxd4 4. Nxd4 Nf6 5. Nc3 a6 6. Be3 e5 7. Nb3 Be6 8. Qd2 Nbd7 9. O-O-O {B90: Sicilian Najdorf: Unusual White 6th moves, 6 Be3 Ng4 and 6 Be3 e5} b5 (9... Be7 10. f4 b5 11. Kb1 Qc7 12. h3 Nb6 13. Bxb6 Qxb6 14. Bd3 exf4 15. Qxf4 O-O 16. Nd5 Bxd5 17. exd5 {½-½ (39) Wei,Y (2728)-Areshchenko,A (2649) Khanty-Mansiysk 2017}) 10. f4 {[%cal Bf2f4,Bf4e5][%mdl 32]} b4 11. Nd5 {LiveBook: 3 Games. White is better.} a5 $2 (11... Bxd5 $16 12. exd5 Be7) 12. Nxf6+ Nxf6 $146 ({Predecessor:} 12... gxf6 13. f5 Bxb3 14. cxb3 a4 15. Bc4 axb3 16. Qd5 Qc8 17. Qxf7+ {1-0 (28) Kreisl,R (2394)-Pirker,C (2120) Austria 2009}) 13. fxe5 a4 14. exf6 axb3 15. Bb5+ (15. Qxb4 bxa2 16. Bb5+ Bd7 $15) 15... Bd7 16. Bxd7+ ({Inferior is} 16. Qxb4 bxa2 17. Kd2 gxf6 $17) 16... Qxd7 17. cxb3 gxf6 18. Kb1 Qb5 19. Qd5 Qa6 20. a4 bxa3 21. Rd4 $1 {[%cal Rd4a4] Black must now prevent Ra4.} Rc8 22. Rc1 (22. bxa3 $1 $18 Bg7 23. Re1 (23. Qxd6 Qxd6 24. Rxd6 Rc3 $18)) 22... Rxc1+ $16 23. Bxc1 axb2 24. Bxb2 {Threatens to win with Ra4.} Be7 25. Rc4 O-O $1 26. Qf5 Rb8 27. Rc3 $40 {[%mdl 128] White has some attack.} Qe2 28. Bc1 (28. Qf3 $5 {[%cal Rf3e2]} Qe1+ 29. Rc1 $14) 28... Ra8 $1 {[%csl Ga8][%cal Re2a2]} 29. Rc8+ Rxc8 30. Qxc8+ Kg7 31. Qc2 Qb5 32. Qd1 h5 33. Qf3 Kg6 $2 (33... f5 $11 {and Black is okay.}) 34. g4 $1 $18 {[%cal Bg2g4,Bg4f5][%mdl 32]} h4 $2 {[#]} (34... Kg7 35. gxh5 f5 36. h6+ (36. exf5 Bf6 $16) 36... Kh8) 35. Qf5+ $1 Qxf5 36. gxf5+ {[%mdl 4096] Endgame KB-KB} Kh5 {[#] Strongly threatening ...Kg4.} 37. h3 $1 {White mates.} Bd8 38. Bf4 Bb6 39. b4 {[%cal Bb3b4,Bb4b5,Bb5b6][%mdl 32]} Bf2 40. b5 Bg3 41. Bc1 Bf2 42. Kc2 Bc5 43. Kd3 Bf2 44. Be3 Bg3 45. b6 d5 46. exd5 Bf4 47. Ke4 {Precision: White = 78%, Black = 46%.} 1-0

[Event "Leiden Chess Tournament"]
[Site "Leiden"]
[Date "2017.07.14"]
[Round "1"]
[White "Pijpers, Arthur"]
[Black "Hagen, Brede Andre Larsen"]
[Result "1-0"]
[WhiteElo "2457"]
[BlackElo "2082"]
[Annotator "TA"]
[PlyCount "51"]
[EventDate "2017.??.??"]
[EventCountry "NED"]
[SourceTitle "playchess.com"]
[Source "ChessBase"]
[SourceQuality "1"]

{[%evp 17,51,29,27,23,39,39,29,8,22,0,22,-55,-46,-21,-48,-82,44,37,45,55,51,60,32,40,60,67,227,229,476,456,947,929,29984,29985,29985,29986]} 1. e4 c5 2. Nc3 g6 3. Nf3 Bg7 4. d4 cxd4 5. Nxd4 Nc6 6. Be3 Nf6 7. Bc4 O-O 8. Bb3 Re8 {B35: Sicilian: Accelerated Dragon with 5 Nc3: main line} (8... d6 9. f3 Bd7 10. Qd2 Nxd4 11. Bxd4 b5 12. a4 b4 13. Nd5 Nxd5 14. Bxg7 Kxg7 15. exd5 Qb6 16. h4 h5 17. O-O-O Qa5 18. g4 Bxa4 19. Kb1 Bxb3 20. cxb3 {0-1 (33) Vachier Lagrave,M (2796)-Giri,A (2771) Stavanger 2017}) 9. h3 d6 {LiveBook: 10 Games} 10. Qd2 Bd7 {White has an edge.} 11. f3 $146 ({Predecessor:} 11. O-O Nxd4 12. Bxd4 Bc6 13. f3 a6 14. a4 Nd7 15. Bxg7 Kxg7 16. Qd4+ Kg8 17. Rfd1 a5 {0-1 (45) McDonald,I (1635)-Emiroglu,C (2081) Kemer 2009}) 11... Rc8 12. h4 h5 {[%cal Bh7h5,Bh5g4][%mdl 32]} 13. O-O-O Ne5 14. g4 (14. Bh6 $11) 14... hxg4 $15 15. h5 Nxh5 16. Bh6 {Rxh5! is the strong threat.} Kh7 (16... gxf3 $2 17. Rxh5 $1 {[%mdl 512]} Bh8 18. Rhh1 $18) (16... Nxf3 17. Nxf3 gxf3 18. Bxg7 $18) ({Better is} 16... Bf6 $17 {aiming for ...g3.} 17. Qg2 a5) 17. Bxg7 $14 Kxg7 18. fxg4 $1 Bxg4 {[#]} 19. Nf5+ $1 $40 {[%mdl 640] White attacks.} Bxf5 20. exf5 Rh8 21. fxg6 fxg6 $2 {[#]} (21... Nxg6 $14 22. Kb1 e6) 22. Ne4 $1 $18 {[%cal Bc3e4,Be4g5,Bg5e6][%mdl 32]} Rf8 $2 (22... Nc4 23. Qd4+ Ne5) 23. Ng5 Qb6 (23... Rf6 $142 24. Ne6+ Rxe6) 24. Ne6+ Kh7 {[#]} 25. Rxh5+ $1 {[%mdl 512]} gxh5 {[#]} 26. Qg5 $1 {Precision: White = 73%, Black = 23%.} ({Not} 26. Nxf8+ Rxf8 27. Qg5 Qf2 $14) 1-0

[Event "Leiden Chess Tournament"]
[Site "Leiden"]
[Date "2017.07.14"]
[Round "1"]
[White "Molenaar, Christiaan"]
[Black "Ikonnikov, Vyacheslav"]
[Result "0-1"]
[WhiteElo "2099"]
[BlackElo "2538"]
[Annotator "TA"]
[PlyCount "59"]
[EventDate "2017.??.??"]
[EventCountry "NED"]
[SourceTitle "playchess.com"]
[Source "ChessBase"]
[SourceQuality "1"]

{[%evp 11,59,0,0,0,0,2,16,-7,8,-28,0,-22,12,14,32,-68,-55,-64,0,-71,-75,-85,0,0,87,109,162,96,97,48,84,72,86,92,93,97,100,-6,0,-36,-33,-40,-45,-45,-35,-39,-23,-137,-127,-135]} 1. f4 Nf6 2. Nf3 g6 3. d3 Bg7 4. e4 d6 5. Be2 c5 6. O-O {B07: Pirc Defence: Miscellaneous Systems} Nc6 {LiveBook: 55 Games} 7. a4 (7. c3 O-O 8. Kh1 b5 9. a3 a5 10. Be3 Ng4 11. Bg1 e5 12. fxe5 Ngxe5 13. Nxe5 Nxe5 14. d4 Nd7 15. Bxb5 Qc7 {1-0 (42) Fedoseev,V (2664)-Yu,Y (2736) Ningbo 2015}) 7... Rb8 8. c3 {The position is equal.} O-O 9. Nbd2 $146 ({Predecessor:} 9. Na3 a6 10. Nc2 b5 11. axb5 axb5 12. Ne3 b4 13. Bd2 Ng4 14. Nxg4 Bxg4 15. Qc2 Qb6 {½-½ (60) Radovanovic,S (2166)-Gavrilovic,L (2262) Serbia 2011}) 9... a6 10. Qe1 e6 11. Qh4 Nh5 12. a5 Bf6 13. Qg4 ({White should try} 13. Ng5 $14) 13... Nxa5 $15 14. e5 Bg7 (14... Be7 $1 $15 15. g3 b6) 15. d4 (15. Ng5 $11) 15... cxd4 $17 16. cxd4 Nc6 (16... b5 $17 17. Qh4 f6) 17. Nc4 $1 $11 Nb4 (17... d5 $11 18. Nd6 Bd7) 18. Nxd6 $16 Bd7 (18... Nc2 $16 19. Rb1 Qb6) 19. Bd2 ({White should play} 19. Qh3 $18) 19... Nd5 20. Qh4 (20. g3 {feels hotter.} Bc6 21. Qh3 Qb6 22. Rfc1 Rbd8 23. Nc4) 20... Nhxf4 21. Bxf4 {[#] Strongly threatening Bg5.} Qxh4 22. Nxh4 Nxf4 23. Rxf4 {Rff1 is the strong threat.} g5 24. Rf2 ({Better is} 24. Rg4 $16 gxh4 25. Rc1 (25. Rxh4 f6 $16)) 24... gxh4 $11 25. Raf1 Bh6 {White must now prevent ...Be3.} 26. Rxf7 Be3+ 27. Kh1 Rxf7 28. Rxf7 Bc6 29. Bg4 (29. Bc4 $1 $11 {remains equal.} h3 30. d5 exd5 31. Bd3) 29... Bd5 $17 30. Bf3 {Precision: White = 32%, Black = 48%.} 0-1

[Event "Leiden Chess Tournament"]
[Site "Leiden"]
[Date "2017.07.14"]
[Round "1"]
[White "Schelvis, Richard"]
[Black "Nijboer, Friso"]
[Result "0-1"]
[WhiteElo "2099"]
[BlackElo "2528"]
[Annotator "TA"]
[PlyCount "72"]
[EventDate "2017.??.??"]
[EventCountry "NED"]
[SourceTitle "playchess.com"]
[Source "ChessBase"]
[SourceQuality "1"]

{[%evp 25,72,-14,-6,-4,-14,-18,25,20,28,23,35,-13,-18,-67,-62,-82,-83,-291,-280,-289,-298,-290,-286,-286,-289,-295,-287,-282,-280,-299,-224,-222,-223,-322,-224,-212,-211,-254,-237,-261,-254,-250,-246,-262,-252,-873,-860,-29977,-392]} 1. d4 Nf6 2. c4 g6 3. Nf3 Bg7 4. g3 O-O 5. Bg2 d6 6. O-O Nc6 7. Nc3 Rb8 8. h3 a6 9. e4 b5 10. e5 Nd7 11. cxb5 axb5 12. Ng5 dxe5 13. Bxc6 exd4 14. Nxb5 {And now a4 would win. E63: King's Indian: Fianchetto: Panno Variation with 7...a6} (14. Ne2 Nc5 15. Bg2 h6 16. Nf3 e5 17. Bxh6 Bxh6 18. Nxe5 d3 19. Nc6 Qe8 20. Ned4 Rb6 21. Re1 Be6 {½-½ (39) Adianto,U (2548)-Gharamian,T (2655) Biel 2013}) 14... Rb6 15. Nxd4 Nb8 {[%cal Bd7b8,Bb8c6,Bc6d4,Bd4e2,Be2c3][%mdl 32]} 16. Nde6 {White has an edge.} fxe6 17. Bg2 Nc6 18. Be3 $146 ({Predecessor:} 18. Qxd8 Rxd8 19. Rb1 Ba6 20. Re1 Bd3 21. Be3 Bxb1 22. Bxb6 Bxa2 23. Bxc7 Rc8 24. Nxe6 {½-½ (24) Paredes Prats,J (2164)-Lara Ruiz,J (2353) ICCF 2007}) 18... Nd4 19. Qa4 Rxb2 20. Rad1 {[%cal Re3d4]} c5 21. Rb1 $2 (21. Qa7 $17) 21... Rxb1 $19 22. Rxb1 Ne2+ 23. Kh2 {[#]} Nc3 $1 {[%csl LRa4,LRb1][%cal Rc3a4]} 24. Qh4 {[%csl Gg5][%cal Rh4h7]} h6 25. Rc1 hxg5 26. Qxg5 Qd3 (26... Nxa2 27. Rxc5 Rf5 28. Qxg6 $17) 27. Qxe7 Nd5 ({Weaker is} 27... Nxa2 28. Rxc5 Bf6 29. Qc7 $17) 28. Qxc5 Nxe3 29. fxe3 (29. Qxe3 {was the only chance.} Qxe3 30. fxe3) 29... Bh6 30. Rc3 Qd2 31. Qd4 {[#]} Qxd4 $1 (31... Qxa2 32. Rc7 $11) 32. exd4 Bg7 33. Rc4 Rd8 34. d5 Bb7 35. dxe6 $2 (35. d6 Ba6 36. Rc6) 35... Rd2 $1 {[%csl LRa2,LRg2]} 36. Rc7 Rxg2+ {Precision: White = 31%, Black = 74%.} 0-1

[Event "Leiden Chess Tournament"]
[Site "Leiden"]
[Date "2017.07.14"]
[Round "1"]
[White "Happel, Henk"]
[Black "Gavrilov, Alexei"]
[Result "0-1"]
[WhiteElo "2086"]
[BlackElo "2491"]
[Annotator "TA"]
[PlyCount "54"]
[EventDate "2017.??.??"]
[EventCountry "NED"]
[SourceTitle "playchess.com"]
[Source "ChessBase"]
[SourceQuality "1"]

{[%evp 14,54,16,16,15,12,32,14,18,10,17,5,17,7,24,-7,0,-20,-11,-30,0,-15,-25,-32,-24,-43,-36,-84,-68,-73,-66,-205,-110,-210,-195,-207,-206,-208,-192,-259,-244,-450,-457]} 1. d4 Nf6 2. c4 e6 3. Nc3 Bb4 4. a3 Bxc3+ 5. bxc3 d6 6. f3 O-O 7. e4 e5 8. Bd3 {LiveBook: 10 Games. E27: Nimzo-Indian: Sämisch: 5...0-0 6 f3} Nfd7 {[%cal Bf6d7,Bd7b6,Bb6a4,Ba4c5][%mdl 32]} 9. Ne2 Nc6 10. Be3 {White is slightly better.} Na5 11. Ng3 Nb6 12. Qe2 $1 Be6 {[%cal Re6c4]} 13. d5 {[#]} Bd7 $146 14. O-O (14. a4 $5) 14... Na4 15. Qc2 b6 16. f4 Nb7 17. Rf2 Nac5 18. Raf1 f6 19. fxe5 dxe5 20. Nf5 Bxf5 21. Rxf5 Qd7 22. Kh1 ({White should try} 22. Bxc5 $15 Nxc5 23. Be2) 22... Qa4 (22... Nxd3 $19 23. Qxd3 Nd6) 23. R5f3 (23. Qxa4 $17 Nxa4 24. R5f2) 23... Qxc2 $19 24. Bxc2 {[#]} Nd6 $1 25. Bxc5 bxc5 26. Ba4 (26. R3f2 $142) 26... Nxe4 27. Bd7 $2 (27. Re1 {might work better.} Nd6 28. Bb5) 27... Nd2 $1 {[%csl LRc4,LRf1,LRf3] Precision: White = 10%, Black = 67%.} 0-1

[Event "Leiden Chess Tournament"]
[Site "Leiden"]
[Date "2017.07.14"]
[Round "1"]
[White "Van Halderen, Herman"]
[Black "Beerdsen, Thomas"]
[Result "0-1"]
[WhiteElo "2071"]
[BlackElo "2452"]
[Annotator "TA"]
[PlyCount "84"]
[EventDate "2017.??.??"]
[EventCountry "NED"]
[SourceTitle "playchess.com"]
[Source "ChessBase"]
[SourceQuality "1"]

{[%evp 20,84,47,55,85,86,88,81,85,79,82,92,85,37,36,41,70,46,188,188,172,187,188,171,165,169,167,173,182,47,61,62,206,188,221,33,166,153,162,87,225,199,488,471,452,0,0,0,0,0,41,-93,-97,-169,-47,-195,-195,-195,-195,-295,-280,-350,-232,-227,-220,-29989,-29990]} 1. d4 Nf6 2. c4 e6 3. Nc3 Bb4 4. e3 b6 5. Nge2 Bb7 6. a3 Be7 7. d5 O-O 8. g3 b5 {E44: Nimzo-Indian: Rubinstein: 4...b6 5 Ne2} 9. b3 b4 (9... bxc4 10. bxc4 Na6 11. Bg2 Nc5 12. e4 Ba6 13. O-O Bxc4 14. e5 Nxd5 15. Nxd5 exd5 16. Bxd5 Bxd5 17. Qxd5 {½-½ (23) Popov,I (2568)-Andreikin,D (2625) Dagomys 2009}) 10. axb4 Bxb4 11. Bg2 {LiveBook: 3 Games} exd5 12. O-O c6 13. cxd5 c5 $146 ({Predecessor:} 13... Qe7 14. Bb2 a5 15. Qd4 c5 16. Qh4 {1-0 (66) Schluchter,S (2151)-Gress,A (2066) Germany 2013}) 14. Bb2 d6 15. Nf4 Nbd7 16. Ne4 Nxe4 17. Bxe4 Nf6 18. Bc2 Re8 ({Black should try} 18... Qe7 $14) 19. Nh5 $18 Nxh5 20. Qxh5 h6 21. h4 {[%cal Bh2h4,Bh4g5][%mdl 32]} Bc8 22. g4 $1 Qd7 23. Bf5 Qe7 24. Bxc8 $40 {[%mdl 128] White is up to no good.} ({Better is} 24. Bd3 $18) 24... Raxc8 25. g5 hxg5 (25... c4 $1 $14) 26. hxg5 a5 27. Rfc1 $2 (27. Kh2 $18 Qe4 28. Rh1) 27... Qe4 (27... c4 $14) 28. Rc4 Qh7 29. Qg4 {Strongly threatening Kg2.} Qd3 (29... Rc7 $16) 30. Rd1 Qxb3 $2 (30... Qg6 31. Kg2 Rb8) 31. Ba1 Ba3 {[#]} 32. Kg2 $2 (32. Bf6 $1 $18 {[%mdl 512] aiming for Kg2.} Rb8 (32... gxf6 33. gxf6+) 33. Kg2) 32... Bb2 $11 33. Bxb2 Qxb2 34. Rf4 g6 35. Rf6 {[#]} (35. Qd7 $14 Qg7 36. Qxd6) 35... Qe5 $1 $17 36. Rf4 (36. Kf3 $17 {is a better defense.}) 36... c4 (36... Rb8 $19 {...Rb4 is the strong threat.} 37. Qg3 Kg7) 37. Rxc4 ({White must play} 37. Rdd4 $1 $15) 37... Rxc4 $19 38. Qxc4 Qxg5+ $15 {KQR-KQR} 39. Kf1 (39. Kf3 {was the only chance.}) 39... Qf5 $19 40. Qb3 Qf3 41. Rd4 Rc8 {( -> ...Rc1+)} 42. Qb1 $2 (42. Rc4 $19 Rxc4 43. Qxc4) 42... Qh1+ {Precision: White = 45%, Black = 44%.} 0-1

[Event "Leiden Chess Tournament"]
[Site "Leiden"]
[Date "2017.07.14"]
[Round "1"]
[White "Kastelein, Gerard"]
[Black "Koelmans, Jan Willem"]
[Result "0-1"]
[WhiteElo "1742"]
[BlackElo "1916"]
[Annotator "NA RC"]
[PlyCount "78"]
[EventDate "2017.??.??"]
[EventCountry "NED"]
[SourceTitle "playchess.com"]
[Source "ChessBase"]
[SourceQuality "1"]
[TimeControl "40/5400+30:1800+30"]

{[%evp 8,78,25,-16,33,-10,0,-13,-27,-4,0,0,-5,32767,32767,32767,32767,-19,32767,-25,-5,32767,32767,-118,-78,-115,32767,32767,32767,-100,-35,-43,-32,-85,-50,-50,-8,-19,-12,-13,12,10,30,-91,-92,-85,-75,-95,-75,-87,-10,-25,47,-209,-218,-131,-254,-606,-663,-597,-650,-586,-646,-720,32767,32767,32767,32767,-806,-795,-844,-915,-835]} 1. Nc3 {[%emt 0:00:00]} c5 {[%emt 0:00:18]} 2. Nf3 {[%emt 0:00:00]} Nc6 {[%emt 0:00:52]} 3. d4 {[%emt 0:00:00]} cxd4 {[%emt 0:01:12]} 4. Nxd4 {[%emt 0:00:03]} Nf6 {[%emt 0:00:25]} 5. Bg5 {[%emt 0:01:05] LiveBook: 43 Games} d6 {[%emt 0:01:58]} 6. Nxc6 {[%emt 0:04:19]} (6. Bxf6 $5 gxf6 7. e3 $11) 6... bxc6 {[%emt 0:00:05]} 7. g3 {[%emt 0:00:31]} Rb8 {[%emt 0:02:24]} 8. Bg2 {[%emt 0:02:18]} Bd7 {[%emt 0:00:54]} 9. Rb1 {[%emt 0:01:58]} Qa5 {[%emt 0:03:50]} 10. Qd2 {[%emt 0:01:52]} h6 {[%emt 0:02:09]} 11. Be3 {[%emt 0:05:14]} e6 {[%emt 0:11:29]} 12. O-O {[%emt 0:02:49]} Be7 {[%emt 0:03:06]} 13. b4 {[%emt 0:02:36]} (13. Nd5 $5 Qxd2 14. Nxf6+ Bxf6 15. Bxd2 $11) 13... Qc7 {[%emt 0:00:45]} 14. a4 {[%emt 0:06:21]} O-O {[%emt 0:03:59]} 15. Rfd1 {[%emt 0:03:35]} (15. Ra1) ({White should try} 15. Ne4 $15) 15... d5 {[%emt 0:06:14]} 16. Qd4 {[%emt 0:06:30]} e5 {[%emt 0:11:30]} 17. Qxa7 {[%emt 0:03:49]} Rb7 {[%emt 0:00:11] Qa} 18. Qa6 {[%emt 0:10:23]} Rxb4 {[%emt 0:09:11]} (18... Rfb8 $17 19. Bc5 Bxc5 20. bxc5 Rb2) 19. Rxb4 {[%emt 0:02:12]} Bxb4 {[%emt 0:00:06]} 20. Na2 {[%emt 0:02:38]} (20. Bb6 $11 Qb8 21. Na2) 20... Ba5 {[%emt 0:06:24]} 21. Rb1 {[%emt 0:02:09]} Bc8 {[%emt 0:00:09]} 22. Qa7 {[%emt 0:03:24]} Qxa7 {[%emt 0:01:51]} 23. Bxa7 {[%emt 0:00:13]} Ba6 {[%emt 0:00:04]} 24. e3 {[%emt 0:04:12]} Ra8 {[%emt 0:06:28]} 25. Bb8 {[%emt 0:05:02]} (25. Rb8+ $11 {remains equal.} Rxb8 26. Bxb8) 25... Bc4 {[%emt 0:00:49]} 26. Nc1 {[%emt 0:00:57]} Bc3 {[%emt 0:01:11]} 27. Nd3 {[%emt 0:03:49]} Nd7 {[%emt 0:00:56]} 28. Bd6 {[%emt 0:01:09]} Rxa4 {[%emt 0:01:49]} 29. Bh3 {[%emt 0:00:52]} e4 {[%emt 0:04:17]} (29... Ra7 $11 30. Bxd7 Rxd7 31. Rb8+ Kh7 32. Bxe5 Bxd3 33. Bxc3 Bxc2) 30. Nf4 $2 {[%emt 0:04:24]} (30. Bxd7 $14 {is the one way to stay ahead.} exd3 31. Bf5) 30... Ne5 {[%emt 0:00:30]} 31. Rb8+ {[%emt 0:01:48]} Kh7 {[%emt 0:00:39]} 32. Bf5+ $2 {[%emt 0:03:30]} (32. Rb1) 32... g6 {[%emt 0:00:51]} 33. Bxg6+ {[%emt 0:00:55]} Nxg6 {[%emt 0:00:17]} 34. h4 {[%emt 0:00:42]} Nxf4 {[%emt 0:01:40] Bxf} 35. Bxf4 {[%emt 0:01:15]} Be2 {[%emt 0:01:09]} 36. g4 {[%emt 0:02:10]} Bxg4 {[%emt 0:00:33]} 37. Kg2 {[%emt 0:00:27]} Be6 {[%emt 0:01:54]} 38. Kg3 {[%emt 0:01:07]} Rc4 {[%emt 0:00:49]} 39. Bd6 {[%emt 0:01:46]} Bg7 $19 {[%emt 0:00:29]} 0-1

[Event "Leiden Chess Tournament"]
[Site "Leiden"]
[Date "2017.07.15"]
[Round "2"]
[White "Ikonnikov, Vyacheslav"]
[Black "Fossum, Oystein Boyum"]
[Result "1-0"]
[WhiteElo "2538"]
[BlackElo "2247"]
[Annotator "TA"]
[PlyCount "59"]
[EventDate "2017.??.??"]
[EventCountry "NED"]
[SourceTitle "playchess.com"]
[Source "ChessBase"]
[SourceQuality "1"]

{[%evp 24,59,55,39,46,48,148,162,153,102,164,168,328,337,329,324,330,77,121,106,162,160,152,161,136,72,179,158,366,345,547,347,1298,383,1308,1308,1243,1297]} 1. d4 e6 2. c4 Nf6 3. Nf3 c5 4. d5 d6 5. Nc3 exd5 6. cxd5 g6 7. e4 Bg7 8. Be2 O-O 9. Nd2 Re8 10. O-O Nbd7 11. Qc2 Ne5 12. a4 g5 13. Re1 {LiveBook: 11 Games. A77: Modern Benoni: Classical: 9...Re8 10 Nd2: 10...a6 and 10...Nbd7} Nfg4 14. Nf1 {[#]} Qf6 $146 (14... Ng6 $1 $14) ({Predecessor:} 14... Ng6 15. Ne3 Nxe3 16. Bxe3 Rf8 17. Qd2 h6 18. Rab1 f5 19. exf5 Bxf5 20. Bd3 Bxd3 21. Qxd3 {0-1 (34) Bedia,M (2305)-Zakhartsov,V (2520) Voronezh 2004}) 15. f3 $16 {White is clearly better.} Nh6 16. Be3 (16. Qd2 $142) 16... Ng6 (16... Qg6 $16) 17. Qd2 $18 Nf4 $2 (17... Re5 18. Ng3 Nf4) 18. Bb5 Re5 {[#]} 19. h4 $1 {[%cal Rh4g5][%mdl 512]} Nxg2 (19... gxh4 20. Bxf4) 20. hxg5 $2 (20. Kxg2 g4 $18) (20. Qxg2 $18 {is more deadly.} g4 21. f4) 20... Nxe1 $16 21. Rxe1 (21. gxf6 Nxf3+ 22. Kg2 Nxd2 $17) 21... Qxf3 (21... Qg6 $16 {was worth a try.}) 22. Be2 $36 {[%mdl 2048] White is really pushing.} (22. gxh6 Rh5 $11) 22... Qh3 {Strongly threatening ...Ng4.} 23. gxh6 Bf6 {[#] White must now prevent ...Kh8.} 24. Nh2 (24. Bd1 $142 $1) 24... Bh4 ({Wrong is} 24... Qg3+ $2 25. Kh1 $18) (24... Kh8 $16 {was necessary.} 25. Kh1 Bd7) 25. Bf4 Bd7 $2 (25... Bg3 $16 26. Bf1 Bxe1 27. Qxe1 Qh5) 26. Kh1 ({But not} 26. Bxe5 dxe5 27. Rf1 Kh8 $18) 26... Kh8 (26... Bf6 $142 27. Rg1+ (27. Bxe5 Bxe5 28. Qg5+ Kf8 $18) 27... Kh8) 27. Rg1 Rg8 $2 (27... Bf6 28. Rg3 Qh4) 28. Rxg8+ Kxg8 29. Bf1 Be1 30. Qxe1 {Precision: White = 50%, Black = 18%.} 1-0